Administración de servicios de salud : (Registro nro. 25568)
[ vista simple ]
| 000 -CABECERA | |
|---|---|
| Longitud fija campo de control | 01170nam a2200217 a 4500 |
| 003 - • IDENTIFICADOR DELl NÚMERO DE CONTROL | |
| Identificador del número de control | CO-ViMGA |
| 008 - • CÓDIGOS DE INFORMACIÓN DE LONGITUD FIJA | |
| Códigos de información de longitud fija | 141112s2004 ck r 000 u spa d |
| 020 ## - • NÚMERO INTERNACIONAL NORMALIZADO PARA LIBROS | |
| Número Internacional Normalizado para Libros (ISBN) | 9589400442 |
| 040 ## - FUENTE DE LA CATALOGACIÓN | |
| Centro catalogador de origen | CO-ViMGA |
| Lengua de catalogación | spa |
| Centro transcriptor | CO-ViMGA |
| 082 04 - • NÚMERO DE LA CLASIFICACIÓN DECIMAL DEWEY | |
| Número de clasificación (R) | 614 B515 |
| 100 1# - • PUNTO DE ACCESO PRINCIPAL-NOMBRE DE PERSONA | |
| Nombre de persona | Blanco Restrepo, Jorge Humberto; Maya Mejia, Jose Maria |
| 245 10 - • TITULO PROPIAMENTE DICHO | |
| Título | Administración de servicios de salud : |
| Resto del título | Tomo II |
| 300 ## - • DESCRIPCIÓN FÍSICA | |
| Extensión | 182.p. |
| 490 ## - • MENCIÓN DE SERIE | |
| Mención de serie | Fundamentos de salud pública |
| 505 ## - • NOTA DE CONTENIDO CON FORMATO | |
| Nota de contenido con formato | Administración general Sistemas de servicios de salud Aspectos financieros sobre la atencion de la salud Planificación de los servicios de salud Evaluación de los servicios de salud El mercado de los servicios de salud El hospital como organización Calidad en el servicio hospitalario Organización y evaluación de servicios hospitalarios Gestión humana en una institución de servicios de salud Finanzas hospitalarias Gerencia - servicios de salud Modelo metodológico para la evaluación y mejoramiento de los servicios hospitalarios |
| 650 14 - • PUNTO DE ACCESO ADICIONAL DE MATERIA - TÉRMINO DE MATERIA | |
| Término de materia o nombre geográfico como elemento inicial | ADMINISTRACION - SERVICIOS DE SALUD |
| 650 14 - • PUNTO DE ACCESO ADICIONAL DE MATERIA - TÉRMINO DE MATERIA | |
| Término de materia o nombre geográfico como elemento inicial | SALUD PUBLICA |
| 942 ## - ENTRADA DE ELEMENTOS AGREGADOS (KOHA) | |
| Fuente de clasificaión o esquema | Dewey Decimal Classification |
| Koha [por defecto] tipo de item | LIbro |
| Perdido | Fuente de clasificación o esquema | Estado Físico | No para préstamo | Forma de adquisición | Localización permanente | Localización actual | Fecha adquisición | Serie de enumeración / cronolog&íacute;a | Préstamos totales | Signatura completa | Código de barras | Fecha última consulta | Número de copia | Fecha del precio de reemplazo | Tipo de item de Koha |
|---|---|---|---|---|---|---|---|---|---|---|---|---|---|---|---|
| Dewey Decimal Classification | Sala Especializada Tercer Piso | Biblioteca Pública Germán Arciniegas - Villavicencio | Biblioteca Pública Germán Arciniegas - Villavicencio | 12/04/2015 | Volumen. 1 | 11/jun/2009 | 614 B515 | 15194 | 12/04/2015 | Ej. 1 | 12/04/2015 | LIbro |